=LDR 00000nam 2200000 4500 =001 INLIS000000000034794 =005 20130612140704 =008 ***********************************ind** =035 ##$$0010-061300000034794 =041 ##$$a ind =082 ##$$a 591 =090 ##$$a 591, Ker k =245 ##$$a Kerajaan hewan, Kamus istilah visual/Nia Kurnianingsih =260 ##$$a 2008 $b Bandung =300 ##$$a 40 hlm., Ilus., 25 cm =650 ##$$a Binatang =700 ##$$a Kurnianingsih, Nia =850 ##$$a NBPNMAT